Spectacles vivants, logiques de consommation et construction d’experiences : Le paradoxe d’une offre à la fois unique et plurielle (notice n° 1588073)
[ vue normale ]
| 000 -LEADER | |
|---|---|
| fixed length control field | 02005cam a2200193 4500500 |
| 005 - DATE AND TIME OF LATEST TRANSACTION | |
| control field | 20251228061945.0 |
| 041 ## - LANGUAGE CODE | |
| Language code of text/sound track or separate title | fre |
| 042 ## - AUTHENTICATION CODE | |
| Authentication code | dc |
| 100 10 - MAIN ENTRY--PERSONAL NAME | |
| Personal name | Pulh, Mathilde |
| Relator term | author |
| 245 00 - TITLE STATEMENT | |
| Title | Spectacles vivants, logiques de consommation et construction d’experiences : Le paradoxe d’une offre à la fois unique et plurielle |
| 260 ## - PUBLICATION, DISTRIBUTION, ETC. | |
| Date of publication, distribution, etc. | 2005.<br/> |
| 500 ## - GENERAL NOTE | |
| General note | 3 |
| 520 ## - SUMMARY, ETC. | |
| Summary, etc. | L’accélération de la concurrence, les difficultés d’exploitation, les problèmes d’élargissement du public sont des contraintes qui obligent le marché du spectacle vivant à avancer vers une meilleure compréhension de son public afin de pouvoir agir sur la fréquentation des lieux de diffusion. Or analyser le vécu des consommateurs revient à se confronter à une multiplicité de comportements de valorisation et de logiques de consommation de la part des spectateurs. En conséquence, il convient d’envisager des leviers d’action et des stratégies marketing diversifiés pour permettre aux organisateurs la construction d’expériences à travers une offre à la fois unique ( en termes d’événement) et plurielle ( qui combine plusieurs facettes). |
| 520 ## - SUMMARY, ETC. | |
| Summary, etc. | Competition speed, operational difficulties, larger targets constraint the living spectacle market to move towards a better understanding of its audience in order to increase the frequentation of the broadcasting places. In this study, we show that the professionals are confronted to a multiplicity of valorisation behaviours and logics of consumption. Consequently, we consider various marketing strategies for the organizers to construct the consumption experiences through single (in terms of event) as well as plural offers (several facets). |
| 700 10 - ADDED ENTRY--PERSONAL NAME | |
| Personal name | Bourgeon-Renault, Dominique |
| Relator term | author |
| 700 10 - ADDED ENTRY--PERSONAL NAME | |
| Personal name | Bouchet, Patrick |
| Relator term | author |
| 786 0# - DATA SOURCE ENTRY | |
| Note | Décisions Marketing | 37 | 1 | 2005-01-01 | p. 57-66 | 0779-7389 |
| 856 41 - ELECTRONIC LOCATION AND ACCESS | |
| Uniform Resource Identifier | <a href="https://shs.cairn.info/revue-decisions-marketing-2005-1-page-57?lang=fr&redirect-ssocas=7080">https://shs.cairn.info/revue-decisions-marketing-2005-1-page-57?lang=fr&redirect-ssocas=7080</a> |
Pas d'exemplaire disponible.




Réseaux sociaux